Europa y el Imperio: reflexiones sobre un proceso constituyente
Spremljeno u:
| Glavni autor: | |
|---|---|
| Format: | Knjiga |
| Jezik: | španjolski |
| Izdano: |
Madrid
Akal
2005
|
| Serija: | Cuestiones de Antagonismo, 32
|
| Teme: | |
| Oznake: |
Dodaj oznaku
Bez oznaka, Budi prvi tko označuje ovaj zapis!
|
MARC
| LEADER | 00000cam a2200000 a 4500 | ||
|---|---|---|---|
| 001 | UCF9051 | ||
| 003 | CL-VaPUC | ||
| 008 | 131018e20050000sp |||||||||||||||||spa|d | ||
| 020 | |a 9788446022732 | ||
| 082 | 0 | 4 | |a 320.01 |b NEG |2 21 |
| 100 | |a Negri, Antonio |e autor |9 455299 | ||
| 245 | 1 | 0 | |a Europa y el Imperio: reflexiones sobre un proceso constituyente |
| 300 | |a 121 p | ||
| 942 | |c BK | ||
| 945 | |d 20131018 14:00:00 |a dcastane | ||
| 260 | |a Madrid |b Akal |c 2005 | ||
| 600 | 0 | 7 | |a EUROPA |2 CL-VaPUC |9 381137 |
| 650 | 7 | |a FILOSOFIA POLITICA |2 CL-VaPUC |9 571219 | |
| 650 | 0 | |a Ciencias Políticas |9 255201 | |
| 650 | 0 | |a Imperialismo |9 258264 | |
| 650 | 0 | |a Capitalismo |9 255255 | |
| 583 | |a last modification |c 20131018 14:00:00 |k Rodrigo Vera | ||
| 490 | 0 | |a Cuestiones de Antagonismo, 32 | |
| 999 | |c 353536 |d 353534 | ||
| 952 | |0 0 |1 0 |3 erb |4 0 |6 320_010000000000000_NEG_2005 |7 0 |8 A |9 458850 |a BIBEDU |b BIBEDU |d 2019-11-23 |i 5019664 |o 320.01 NEG 2005 |p 5019664 |r 2019-11-23 |w 2019-11-23 |y BK |z Catalogado en:20131018 |k PSI | ||
| 952 | |0 0 |1 0 |3 erb |4 0 |6 320_010000000000000_NEG_2005 |7 0 |8 A |9 458851 |a BIBEDU |b BIBEDU |i 5198615 |o 320.01 NEG 2005 |p 5198615 |r 2019-11-23 |w 2019-11-23 |y BK |z Catalogado en:20150911 |k FIL | ||